AN ERA OF DARKNESS (Record no. 31932)

MARC details
000 -LEADER
fixed length control field 00283nam a22001337a 4500
003 - CONTROL NUMBER IDENTIFIER
control field SGT
020 ## - INTERNATIONAL STANDARD BOOK NUMBER
International Standard Book Number 9789383064656
082 ## - DEWEY DECIMAL CLASSIFICATION NUMBER
Classification number 320
Item number A16T
100 ## - MAIN ENTRY--PERSONAL NAME
Personal name THAROOR, SHASHI
245 ## - TITLE STATEMENT
Title AN ERA OF DARKNESS
260 ## - PUBLICATION, DISTRIBUTION, ETC. (IMPRINT)
Name of publisher, distributor, etc ALEPH BOOK COMPANY
Year of Publication 2016
300 ## - PAGE DESCRIPTION
No. of Pages 333
942 ## - ADDED ENTRY ELEMENTS (KOHA)
Source of classification or shelving scheme Dewey Decimal Classification
Koha item type Books
Holdings
Withdrawn status Lost status Source of classification or shelving scheme Damaged status Not for loan Home library Current library Shelving location Date acquired SGTU Total Checkouts Full call number Accession No. (Barcode) Date last seen Bill Date Koha item type
    Dewey Decimal Classification   Not For Loan SGT Chancellor's Library SGT Chancellor's Library Reference Book 04/07/2025 SGTU   320 A16T CH3951 04/07/2025 04/07/2025 Books